<?xml version="1.0" encoding="UTF-8"?>
<record
    xmlns:xsi="http://www.w3.org/2001/XMLSchema-instance"
    xsi:schemaLocation="http://www.loc.gov/MARC21/slim http://www.loc.gov/standards/marcxml/schema/MARC21slim.xsd"
    xmlns="http://www.loc.gov/MARC21/slim">

  <leader>     nam a22     7a 4500</leader>
  <datafield tag="999" ind1=" " ind2=" ">
    <subfield code="c">40563</subfield>
    <subfield code="d">40563</subfield>
  </datafield>
  <controlfield tag="003">OSt</controlfield>
  <controlfield tag="005">20170921113828.0</controlfield>
  <controlfield tag="008">170921b        xxu||||| |||| 00| 0 eng d</controlfield>
  <datafield tag="040" ind1=" " ind2=" ">
    <subfield code="c">SEROSOFT</subfield>
  </datafield>
  <datafield tag="100" ind1=" " ind2=" ">
    <subfield code="a">DWIVEDI,RHEESABH</subfield>
  </datafield>
  <datafield tag="245" ind1=" " ind2=" ">
    <subfield code="a">ELECTRICAL MACHINE - II</subfield>
  </datafield>
  <datafield tag="260" ind1=" " ind2=" ">
    <subfield code="a">MEERUT</subfield>
    <subfield code="b">JPNP</subfield>
    <subfield code="c">2017-18</subfield>
  </datafield>
  <datafield tag="300" ind1=" " ind2=" ">
    <subfield code="a">165</subfield>
  </datafield>
  <datafield tag="942" ind1=" " ind2=" ">
    <subfield code="2">ddc</subfield>
    <subfield code="c">02</subfield>
    <subfield code="e">1ST</subfield>
  </datafield>
  <datafield tag="952" ind1=" " ind2=" ">
    <subfield code="0">0</subfield>
    <subfield code="1">0</subfield>
    <subfield code="2">ddc</subfield>
    <subfield code="4">0</subfield>
    <subfield code="7">0</subfield>
    <subfield code="a">01</subfield>
    <subfield code="b">01</subfield>
    <subfield code="d">2017-09-16</subfield>
    <subfield code="e">BBD</subfield>
    <subfield code="f">POLYTECHNI</subfield>
    <subfield code="g">200.00</subfield>
    <subfield code="i">448</subfield>
    <subfield code="l">2</subfield>
    <subfield code="p">01-B-123623</subfield>
    <subfield code="r">2024-02-03</subfield>
    <subfield code="s">2023-09-08</subfield>
    <subfield code="w">2017-09-21</subfield>
    <subfield code="y">02</subfield>
  </datafield>
  <datafield tag="952" ind1=" " ind2=" ">
    <subfield code="0">0</subfield>
    <subfield code="1">0</subfield>
    <subfield code="2">ddc</subfield>
    <subfield code="4">0</subfield>
    <subfield code="7">0</subfield>
    <subfield code="a">01</subfield>
    <subfield code="b">01</subfield>
    <subfield code="d">2017-09-16</subfield>
    <subfield code="e">BBD</subfield>
    <subfield code="f">POLYTECHNI</subfield>
    <subfield code="g">200.00</subfield>
    <subfield code="i">448</subfield>
    <subfield code="l">5</subfield>
    <subfield code="p">01-B-123624</subfield>
    <subfield code="r">2026-01-17</subfield>
    <subfield code="s">2025-12-29</subfield>
    <subfield code="w">2017-09-21</subfield>
    <subfield code="y">02</subfield>
  </datafield>
  <datafield tag="952" ind1=" " ind2=" ">
    <subfield code="0">0</subfield>
    <subfield code="1">0</subfield>
    <subfield code="2">ddc</subfield>
    <subfield code="4">0</subfield>
    <subfield code="7">0</subfield>
    <subfield code="a">01</subfield>
    <subfield code="b">01</subfield>
    <subfield code="d">2017-09-16</subfield>
    <subfield code="e">BBD</subfield>
    <subfield code="f">POLYTECHNI</subfield>
    <subfield code="g">200.00</subfield>
    <subfield code="i">448</subfield>
    <subfield code="l">5</subfield>
    <subfield code="p">01-B-123625</subfield>
    <subfield code="r">2025-02-04</subfield>
    <subfield code="s">2024-09-03</subfield>
    <subfield code="w">2017-09-21</subfield>
    <subfield code="y">02</subfield>
  </datafield>
  <datafield tag="952" ind1=" " ind2=" ">
    <subfield code="0">0</subfield>
    <subfield code="1">0</subfield>
    <subfield code="2">ddc</subfield>
    <subfield code="4">0</subfield>
    <subfield code="7">0</subfield>
    <subfield code="a">01</subfield>
    <subfield code="b">01</subfield>
    <subfield code="d">2017-09-16</subfield>
    <subfield code="e">BBD</subfield>
    <subfield code="f">POLYTECHNI</subfield>
    <subfield code="g">200.00</subfield>
    <subfield code="i">448</subfield>
    <subfield code="l">3</subfield>
    <subfield code="p">01-B-123626</subfield>
    <subfield code="r">2024-02-01</subfield>
    <subfield code="s">2023-09-14</subfield>
    <subfield code="w">2017-09-21</subfield>
    <subfield code="y">02</subfield>
  </datafield>
  <datafield tag="952" ind1=" " ind2=" ">
    <subfield code="0">0</subfield>
    <subfield code="1">0</subfield>
    <subfield code="2">ddc</subfield>
    <subfield code="4">0</subfield>
    <subfield code="7">0</subfield>
    <subfield code="a">01</subfield>
    <subfield code="b">01</subfield>
    <subfield code="d">2017-09-16</subfield>
    <subfield code="e">BBD</subfield>
    <subfield code="f">POLYTECHNI</subfield>
    <subfield code="g">200.00</subfield>
    <subfield code="i">448</subfield>
    <subfield code="l">3</subfield>
    <subfield code="p">01-B-123627</subfield>
    <subfield code="r">2026-01-29</subfield>
    <subfield code="s">2025-09-16</subfield>
    <subfield code="w">2017-09-21</subfield>
    <subfield code="y">02</subfield>
  </datafield>
  <datafield tag="952" ind1=" " ind2=" ">
    <subfield code="0">0</subfield>
    <subfield code="1">0</subfield>
    <subfield code="2">ddc</subfield>
    <subfield code="4">0</subfield>
    <subfield code="7">0</subfield>
    <subfield code="a">01</subfield>
    <subfield code="b">01</subfield>
    <subfield code="d">2017-09-16</subfield>
    <subfield code="e">BBD</subfield>
    <subfield code="f">POLYTECHNI</subfield>
    <subfield code="g">200.00</subfield>
    <subfield code="i">448</subfield>
    <subfield code="l">3</subfield>
    <subfield code="p">01-B-123628</subfield>
    <subfield code="r">2019-12-24</subfield>
    <subfield code="s">2019-12-04</subfield>
    <subfield code="w">2017-09-21</subfield>
    <subfield code="y">02</subfield>
  </datafield>
  <datafield tag="952" ind1=" " ind2=" ">
    <subfield code="0">0</subfield>
    <subfield code="1">0</subfield>
    <subfield code="2">ddc</subfield>
    <subfield code="4">0</subfield>
    <subfield code="7">0</subfield>
    <subfield code="a">01</subfield>
    <subfield code="b">01</subfield>
    <subfield code="d">2017-09-16</subfield>
    <subfield code="e">BBD</subfield>
    <subfield code="f">POLYTECHNI</subfield>
    <subfield code="g">200.00</subfield>
    <subfield code="i">448</subfield>
    <subfield code="l">3</subfield>
    <subfield code="p">01-B-123629</subfield>
    <subfield code="r">2020-01-08</subfield>
    <subfield code="s">2019-09-12</subfield>
    <subfield code="w">2017-09-21</subfield>
    <subfield code="y">02</subfield>
  </datafield>
  <datafield tag="952" ind1=" " ind2=" ">
    <subfield code="0">0</subfield>
    <subfield code="1">0</subfield>
    <subfield code="2">ddc</subfield>
    <subfield code="4">0</subfield>
    <subfield code="7">0</subfield>
    <subfield code="a">01</subfield>
    <subfield code="b">01</subfield>
    <subfield code="d">2017-09-16</subfield>
    <subfield code="e">BBD</subfield>
    <subfield code="f">POLYTECHNI</subfield>
    <subfield code="g">200.00</subfield>
    <subfield code="i">448</subfield>
    <subfield code="l">2</subfield>
    <subfield code="p">01-B-123630</subfield>
    <subfield code="r">2020-01-20</subfield>
    <subfield code="s">2019-08-26</subfield>
    <subfield code="w">2017-09-21</subfield>
    <subfield code="y">02</subfield>
  </datafield>
  <datafield tag="952" ind1=" " ind2=" ">
    <subfield code="0">0</subfield>
    <subfield code="1">0</subfield>
    <subfield code="2">ddc</subfield>
    <subfield code="4">0</subfield>
    <subfield code="7">0</subfield>
    <subfield code="a">01</subfield>
    <subfield code="b">01</subfield>
    <subfield code="d">2017-09-16</subfield>
    <subfield code="e">BBD</subfield>
    <subfield code="f">POLYTECHNI</subfield>
    <subfield code="g">200.00</subfield>
    <subfield code="i">448</subfield>
    <subfield code="l">6</subfield>
    <subfield code="p">01-B-123631</subfield>
    <subfield code="r">2026-01-17</subfield>
    <subfield code="s">2025-12-29</subfield>
    <subfield code="w">2017-09-21</subfield>
    <subfield code="y">02</subfield>
  </datafield>
  <datafield tag="952" ind1=" " ind2=" ">
    <subfield code="0">0</subfield>
    <subfield code="1">0</subfield>
    <subfield code="2">ddc</subfield>
    <subfield code="4">0</subfield>
    <subfield code="7">0</subfield>
    <subfield code="a">01</subfield>
    <subfield code="b">01</subfield>
    <subfield code="d">2017-09-16</subfield>
    <subfield code="e">BBD</subfield>
    <subfield code="f">POLYTECHNI</subfield>
    <subfield code="g">200.00</subfield>
    <subfield code="i">448</subfield>
    <subfield code="l">6</subfield>
    <subfield code="p">01-B-123632</subfield>
    <subfield code="r">2025-02-04</subfield>
    <subfield code="s">2024-09-03</subfield>
    <subfield code="w">2017-09-21</subfield>
    <subfield code="y">02</subfield>
  </datafield>
  <datafield tag="952" ind1=" " ind2=" ">
    <subfield code="0">0</subfield>
    <subfield code="1">0</subfield>
    <subfield code="2">ddc</subfield>
    <subfield code="4">0</subfield>
    <subfield code="7">0</subfield>
    <subfield code="a">01</subfield>
    <subfield code="b">01</subfield>
    <subfield code="d">2017-09-16</subfield>
    <subfield code="e">BBD</subfield>
    <subfield code="f">POLYTECHNI</subfield>
    <subfield code="g">200.00</subfield>
    <subfield code="i">448</subfield>
    <subfield code="l">1</subfield>
    <subfield code="p">01-B-123633</subfield>
    <subfield code="r">2017-12-28</subfield>
    <subfield code="s">2017-09-27</subfield>
    <subfield code="w">2017-09-21</subfield>
    <subfield code="y">02</subfield>
  </datafield>
  <datafield tag="952" ind1=" " ind2=" ">
    <subfield code="0">0</subfield>
    <subfield code="1">0</subfield>
    <subfield code="2">ddc</subfield>
    <subfield code="4">0</subfield>
    <subfield code="7">0</subfield>
    <subfield code="a">01</subfield>
    <subfield code="b">01</subfield>
    <subfield code="d">2017-09-16</subfield>
    <subfield code="e">BBD</subfield>
    <subfield code="f">POLYTECHNI</subfield>
    <subfield code="g">200.00</subfield>
    <subfield code="i">448</subfield>
    <subfield code="l">5</subfield>
    <subfield code="p">01-B-123634</subfield>
    <subfield code="r">2026-02-13</subfield>
    <subfield code="s">2025-09-22</subfield>
    <subfield code="w">2017-09-21</subfield>
    <subfield code="y">02</subfield>
  </datafield>
</record>
